Process of Producing High-Octane Motor Fuel Components from Straight-Run Gasolines on Modified Zeolite Catalysts; Chemistry and Technology of Fuels and Oils; Vol. 53, iss. 4
| Parent link: | Chemistry and Technology of Fuels and Oils.— , 1965- Vol. 53, iss. 4.— 2017.— [P. 464-469] |
|---|---|
| Hovedforfatter: | |
| Institution som forfatter: | |
| Andre forfattere: | , |
| Summary: | Title screen The effect of micro- and nano-sized CeO2 powder additives on acidic and catalytic properties of MFI (mordenite-framework-inverted) type of high-silicon zeolite in the process of production of high-octane motor fuel components from straight-run gasolines of gas condensate is studied. Addition of modifying agents to the original zeolite promotes its catalytic activity and concentration of acid centers. Addition of 1 wt. % of promoting additives of nano-sized CeO2 powder to zeolite enhances yield of arenes in the liquid catalyzate by 4-7 wt. % and octane number (ON) of the obtained catalyzate by 2-3 points in terms of RON. It is shown that zeolite modified by micro-sized CeO2 powder possesses similar catalytic and acidic properties as does zeolite modified by nano-sized CeO2 powder. Режим доступа: по договору с организацией-держателем ресурса |
| Sprog: | engelsk |
| Udgivet: |
2017
|
| Fag: | |
| Online adgang: | https://doi.org/10.1007/s10553-017-0824-4 |
| Format: | MixedMaterials Electronisk Book Chapter |
| KOHA link: | https://koha.lib.tpu.ru/cgi-bin/koha/opac-detail.pl?biblionumber=667234 |
MARC
| LEADER | 00000naa0a2200000 4500 | ||
|---|---|---|---|
| 001 | 667234 | ||
| 005 | 20250819103442.0 | ||
| 035 | |a (RuTPU)RU\TPU\network\38439 | ||
| 090 | |a 667234 | ||
| 100 | |a 20220309d2017 k||y0engy50 ba | ||
| 101 | 0 | |a eng | |
| 102 | |a US | ||
| 135 | |a drnn ---uucaa | ||
| 181 | 0 | |a i | |
| 182 | 0 | |a b | |
| 200 | 1 | |a Process of Producing High-Octane Motor Fuel Components from Straight-Run Gasolines on Modified Zeolite Catalysts |f I. S. Khomyakov, A. M. Gorshkov, T. A. Gerasina | |
| 203 | |a Text |c electronic | ||
| 300 | |a Title screen | ||
| 320 | |a [References: 15 tit.] | ||
| 330 | |a The effect of micro- and nano-sized CeO2 powder additives on acidic and catalytic properties of MFI (mordenite-framework-inverted) type of high-silicon zeolite in the process of production of high-octane motor fuel components from straight-run gasolines of gas condensate is studied. Addition of modifying agents to the original zeolite promotes its catalytic activity and concentration of acid centers. Addition of 1 wt. % of promoting additives of nano-sized CeO2 powder to zeolite enhances yield of arenes in the liquid catalyzate by 4-7 wt. % and octane number (ON) of the obtained catalyzate by 2-3 points in terms of RON. It is shown that zeolite modified by micro-sized CeO2 powder possesses similar catalytic and acidic properties as does zeolite modified by nano-sized CeO2 powder. | ||
| 333 | |a Режим доступа: по договору с организацией-держателем ресурса | ||
| 461 | |t Chemistry and Technology of Fuels and Oils |d 1965- | ||
| 463 | |t Vol. 53, iss. 4 |v [P. 464-469] |d 2017 | ||
| 610 | 1 | |a электронный ресурс | |
| 610 | 1 | |a труды учёных ТПУ | |
| 610 | 1 | |a straight-run gasoline | |
| 610 | 1 | |a gas condensate | |
| 610 | 1 | |a high-octane components | |
| 610 | 1 | |a zeolite MFI | |
| 610 | 1 | |a aromatic hydrocarbons | |
| 700 | 1 | |a Khomyakov |b I. S. |c Specialist in the field of oil and gas business |c Senior Lecturer of Tomsk Polytechnic University, candidate of chemical Sciences |f 1988- |g Ivan Sergeevich |3 (RuTPU)RU\TPU\pers\32226 | |
| 701 | 1 | |a Gorshkov |b A. M. |c specialist in the field of oil and gas business |c Engineer of Tomsk Polytechnic University |f 1989- |g Anton Mikhailovich |3 (RuTPU)RU\TPU\pers\32178 | |
| 701 | 1 | |a Gerasina |b T. A. |g Tatjyana Andreevna | |
| 712 | 0 | 2 | |a Национальный исследовательский Томский политехнический университет |b Инженерная школа природных ресурсов |b Отделение нефтегазового дела |3 (RuTPU)RU\TPU\col\23546 |
| 801 | 2 | |a RU |b 63413507 |c 20220309 |g RCR | |
| 856 | 4 | |u https://doi.org/10.1007/s10553-017-0824-4 | |
| 942 | |c CF | ||